Proyecto de exportación de miel de abeja a la República Checa /

Gorde:
Xehetasun bibliografikoak
Egile nagusia: Flores Salinas, Rosa Elena (autor)
Beste egile batzuk: Manzano Enciso, María Cristina (autor) (autor), Rojo Schulz, Mauricio Emmanuel (autor) (autor)
Formatua: Liburua
Hizkuntza:gaztelania
Gaiak:
Etiketak: Etiketa erantsi
Etiketarik gabe, Izan zaitez lehena erregistro honi etiketa jartzen!

MARC

LEADER 00000nam^a2200000^a^4500
001 000185345
005 20250521000000.0
009 20260310102148.014
037 |a Acervo ITESO - Biblioteca 
041 |a ESP 
090 |a CIN. 316 
100 |a Flores Salinas, Rosa Elena  |e (autor) 
245 1 0 |a Proyecto de exportación de miel de abeja a la República Checa /  |c R.E. Flores Salinas, M.C. Manzano Enciso, M.E. Rojo Schulz. 
264 |a Guadalajara, México :  |b edición de autor,  |c 2006 
300 |a 1 disco compacto de computadora 
336 |a datos para computadora  |b cod  |2 rdacontenido 
337 |a computadora  |b c  |2 rdamedio 
338 |a disco de computadora  |b cd  |2 rdasoporte 
593 |a Tesis de Lic. en Comercio Internacional 
649 |a XX 
650 |a Miel de Abeja -  |z México -  |x Industria y Comercio 
650 |a Jarabes y Mieles -  |z México -  |x Industria y Comercio 
650 |a Industria Alimenticia -  |z México 
650 |a Apicultura -  |z México -  |x Aspectos Económicos 
650 |a Industria Agropecuaria -  |z México 
650 |a Investigación de Mercado 
650 |a Oferta y Demanda -  |z República Checa 
650 |a Competencia (Economía) -  |z República Checa 
650 |a Mercadotecnia de Exportación 
650 |a Exportaciones -  |z México 
650 |a Comercio Exterior -  |z México 
650 |a Comercio Internacional -  |z México-República Checa 
650 |a Economía 
700 |a Manzano Enciso, María Cristina  |e (autor) 
700 |a Rojo Schulz, Mauricio Emmanuel  |e (autor) 
910 |a Fondo General 
920 |a Electrónicos - Tesis del ITESO en Disco 
905 |a 202 
901 |a 0500126947  |b IT2  |c STS  |u 20250521 
902 |a https://opac.biblio.iteso.mx/vufind/Record/000185345